[Event "Albert Boxer Classic op"]
[Site "Winnipeg CAN"]
[Date "2007.05.12"]
[Round "2"]
[White "Tang, Edward"]
[Black "Campbell, Jamie"]
[Result "1/2-1/2"]
[WhiteElo "2087"]
[BlackElo "1520"]
[PlyCount "101"]
[GameId "2160767910684511"]
[EventDate "2007.05.11"]
[EventType "swiss"]
[EventRounds "5"]
[EventCountry "CAN"]
[SourceTitle "EXT 2019"]
[Source "ChessBase"]
[SourceDate "2018.10.10"]
[SourceVersion "1"]
[SourceVersionDate "2018.10.10"]
[SourceQuality "1"]

1. e4 d6 2. d4 Nf6 3. Nc3 g6 4. Nf3 Bg7 5. Be2 O-O 6. O-O c6 7. a4 Bg4 8. h3 Bxf3 9. Bxf3 Nbd7 10. Be3 e5 11. Qd2 Re8 12. a5 b5 13. axb6 Nxb6 14. b3 d5 15. dxe5 Rxe5 16. Bf4 Nxe4 17. Bxe4 Rxe4 18. Nxe4 Bxa1 19. Rxa1 dxe4 20. Qxd8+ Rxd8 21. Rxa7 Nd5 22. Bh6 Nb4 23. c3 Nd5 24. c4 Nb4 25. Rb7 c5 26. Be3 Nd3 27. Rc7 Rb8 28. Bxc5 Nxc5 29. Rxc5 Rxb3 30. g4 e3 31. fxe3 Rxe3 32. Kg2 Kf8 33. g5 Ke7 34. Rc8 Rc3 35. Rc6 Kd7 36. Rf6 Ke7 37. Rf4 Rd3 38. h4 Rd8 39. Kf3 Rc8 40. Ke3 Rc7 41. Rd4 f5 42. gxf6+ Kxf6 43. Kd3 Ke5 44. Rd5+ Kf4 45. c5 Kg4 46. Rd4+ Kh5 47. Rc4 g5 48. hxg5 Kxg5 49. c6 h5 50. Ke2 Kf6 51. Kf3 1/2-1/2

[Event "Albert Boxer Classic op"]
[Site "Winnipeg CAN"]
[Date "2007.05.12"]
[Round "2"]
[White "Vlaovic, George"]
[Black "Silva, T Romero"]
[Result "1/2-1/2"]
[WhiteElo "2219"]
[BlackElo "1852"]
[PlyCount "97"]
[GameId "2160767910684512"]
[EventDate "2007.05.11"]
[EventType "swiss"]
[EventRounds "5"]
[EventCountry "CAN"]
[SourceTitle "EXT 2019"]
[Source "ChessBase"]
[SourceDate "2018.10.10"]
[SourceVersion "1"]
[SourceVersionDate "2018.10.10"]
[SourceQuality "1"]

1. e4 c5 2. Nf3 e6 3. d4 cxd4 4. Nxd4 a6 5. Nc3 Nc6 6. Be2 Qc7 7. Be3 Nf6 8. O-O Be7 9. Kh1 O-O 10. f4 Nxd4 11. Bxd4 b5 12. e5 Ne8 13. Bf3 Bb7 14. a4 b4 15. Ne4 f5 16. Nf2 a5 17. Rc1 d5 18. Nd3 Ba6 19. b3 Rc8 20. g4 g6 21. gxf5 gxf5 22. Rg1+ Ng7 23. Qd2 Kh8 24. Qe3 Bxd3 25. cxd3 Qb7 26. Rg2 Rxc1+ 27. Qxc1 Rc8 28. Qg1 Bf8 29. h4 Qe7 30. Qe1 Rc6 31. h5 h6 32. Rg6 Kh7 33. Rg2 Qc7 34. Bb2 Qf7 35. Rh2 Qc7 36. Bd1 Qf7 37. Qe3 Bc5 38. Qg3 Bb6 39. Qf3 Qc7 40. Rg2 Qf7 41. Rg6 Ba7 42. Qg2 Be3 43. Qg3 d4 44. Rf6 Qe8 45. Qh2 Rc7 46. Rg6 Qc6+ 47. Rg2 Qe8 48. Qh4 Qf7 49. Bf3 1/2-1/2

[Event "Albert Boxer Classic op"]
[Site "Winnipeg CAN"]
[Date "2007.05.12"]
[Round "2"]
[White "Wiebe, Daniel"]
[Black "Crawford, Gary"]
[Result "1-0"]
[WhiteElo "1664"]
[BlackElo "1310"]
[PlyCount "23"]
[GameId "2160767910684513"]
[EventDate "2007.05.11"]
[EventType "swiss"]
[EventRounds "5"]
[EventCountry "CAN"]
[SourceTitle "EXT 2019"]
[Source "ChessBase"]
[SourceDate "2018.10.10"]
[SourceVersion "1"]
[SourceVersionDate "2018.10.10"]
[SourceQuality "1"]

1. e4 c5 2. Nf3 d6 3. d4 cxd4 4. Nxd4 Nf6 5. Nc3 a6 6. Bc4 e6 7. Bb3 b5 8. Bg5 Be7 9. Qf3 Bb7 10. Bxe6 b4 11. Nd5 Nxd5 12. Qxf7# 1-0

[Event "Albert Boxer Classic op"]
[Site "Winnipeg CAN"]
[Date "2007.05.12"]
[Round "3"]
[White "Boron, Anthony"]
[Black "Wiebe, Daniel"]
[Result "1/2-1/2"]
[WhiteElo "1999"]
[BlackElo "1664"]
[PlyCount "55"]
[GameId "2160767910684515"]
[EventDate "2007.05.11"]
[EventType "swiss"]
[EventRounds "5"]
[EventCountry "CAN"]
[SourceTitle "EXT 2019"]
[Source "ChessBase"]
[SourceDate "2018.10.10"]
[SourceVersion "1"]
[SourceVersionDate "2018.10.10"]
[SourceQuality "1"]

1. e4 e5 2. Nf3 Nc6 3. Bb5 a6 4. Bxc6 dxc6 5. d4 exd4 6. Qxd4 Qxd4 7. Nxd4 c5 8. Nb3 f5 9. e5 Be6 10. Bg5 h6 11. Be3 b6 12. Nc3 O-O-O 13. Rd1 g5 14. Rxd8+ Kxd8 15. f4 gxf4 16. Bxf4 Ne7 17. Ke2 Ng6 18. Rd1+ Ke7 19. g3 Bg7 20. Nd5+ Bxd5 21. Rxd5 Rd8 22. Rxd8 Kxd8 23. Ke3 Nxe5 24. Bxe5 Bxe5 25. c3 Ke7 26. Nd2 Kf6 27. Nf3 Bd6 28. Kd3 1/2-1/2

[Event "Albert Boxer Classic op"]
[Site "Winnipeg CAN"]
[Date "2007.05.12"]
[Round "3"]
[White "Curtis, Rory"]
[Black "Morin, Barry"]
[Result "1-0"]
[WhiteElo "1665"]
[BlackElo "1207"]
[PlyCount "63"]
[GameId "2160767910684516"]
[EventDate "2007.05.11"]
[EventType "swiss"]
[EventRounds "5"]
[EventCountry "CAN"]
[SourceTitle "EXT 2019"]
[Source "ChessBase"]
[SourceDate "2018.10.10"]
[SourceVersion "1"]
[SourceVersionDate "2018.10.10"]
[SourceQuality "1"]

1. d4 Nf6 2. c4 d5 3. cxd5 Nxd5 4. Nc3 e6 5. e4 Nxc3 6. bxc3 Be7 7. Qg4 Bf8 8. e5 h6 9. Bd3 c5 10. Nf3 Nc6 11. O-O cxd4 12. cxd4 Nb4 13. Be4 Nd5 14. Bb2 h5 15. Qg3 Bd7 16. Bxd5 exd5 17. e6 Bxe6 18. Rfe1 Qd6 19. Rxe6+ fxe6 20. Qg6+ Kd7 21. Ne5+ Kc7 22. Rc1+ Kb6 23. Rc5 Rh6 24. Qd3 a6 25. Nf7 Qf4 26. Nxh6 Bxc5 27. dxc5+ Ka7 28. Bxg7 Rc8 29. g3 Qg5 30. Bd4 Rc6 31. Nf7 Qg8 32. Ne5 1-0

[Event "Albert Boxer Classic op"]
[Site "Winnipeg CAN"]
[Date "2007.05.12"]
[Round "3"]
[White "Gentes, Kevin"]
[Black "Lipnowski, Samuel"]
[Result "1-0"]
[WhiteElo "2274"]
[BlackElo "2276"]
[PlyCount "99"]
[GameId "2160767910684517"]
[EventDate "2007.05.11"]
[EventType "swiss"]
[EventRounds "5"]
[EventCountry "CAN"]
[SourceTitle "EXT 2019"]
[Source "ChessBase"]
[SourceDate "2018.10.10"]
[SourceVersion "1"]
[SourceVersionDate "2018.10.10"]
[SourceQuality "1"]

1. c4 c6 2. Nf3 d5 3. d4 Nf6 4. Nc3 e6 5. e3 Nbd7 6. Bd3 dxc4 7. Bxc4 b5 8. Bd3 a6 9. e4 c5 10. e5 cxd4 11. Nxb5 axb5 12. exf6 Bb4+ 13. Bd2 Bxd2+ 14. Qxd2 Qxf6 15. Bxb5 e5 16. O-O O-O 17. Rfe1 Rd8 18. Bxd7 Bxd7 19. Nxe5 Be6 20. b4 Rd5 21. Nd3 Rg5 22. Nf4 Bc4 23. Re4 Rd8 24. Rc1 Ba6 25. h4 Rg4 26. Nd5 Qxh4 27. Ne7+ Kh8 28. Rxg4 Qxg4 29. b5 Bb7 30. Nc6 Bxc6 31. bxc6 d3 32. c7 Rc8 33. Qxd3 g6 34. a4 Qg5 35. Qc3+ Kg8 36. a5 h5 37. a6 h4 38. a7 h3 39. a8=Q Rxa8 40. c8=Q+ Rxc8 41. Qxc8+ Kg7 42. Qc3+ Kg8 43. g3 Qd5 44. f3 Kh7 45. Kh2 Qd7 46. g4 Qd6+ 47. Kxh3 Qf4 48. Rh1 Kg8 49. Kg2 f6 50. Qc8+ 1-0

[Event "Albert Boxer Classic op"]
[Site "Winnipeg CAN"]
[Date "2007.05.12"]
[Round "3"]
[White "Goodman, Clifford"]
[Black "Atem, James"]
[Result "0-1"]
[WhiteElo "1598"]
[BlackElo "1715"]
[PlyCount "38"]
[GameId "2160767910684518"]
[EventDate "2007.05.11"]
[EventType "swiss"]
[EventRounds "5"]
[EventCountry "CAN"]
[SourceTitle "EXT 2019"]
[Source "ChessBase"]
[SourceDate "2018.10.10"]
[SourceVersion "1"]
[SourceVersionDate "2018.10.10"]
[SourceQuality "1"]

1. d4 d5 2. Nf3 e6 3. e3 Nd7 4. c4 Ngf6 5. Nc3 Bb4 6. a3 Bxc3+ 7. bxc3 dxc4 8. Bxc4 c6 9. a4 Qa5 10. Qc2 Ne4 11. Bd2 Nxd2 12. Qxd2 Nb6 13. Qa2 Qxc3+ 14. Nd2 Nxc4 15. Qxc4 Qxa1+ 16. Ke2 Qxh1 17. Qc5 Qxg2 18. Nc4 Qd5 19. Nd6+ Kd7 0-1

[Event "Albert Boxer Classic op"]
[Site "Winnipeg CAN"]
[Date "2007.05.12"]
[Round "3"]
[White "Kaptsan, Aron"]
[Black "Vlaovic, George"]
[Result "1/2-1/2"]
[WhiteElo "2041"]
[BlackElo "2219"]
[PlyCount "90"]
[GameId "2160767910684519"]
[EventDate "2007.05.11"]
[EventType "swiss"]
[EventRounds "5"]
[EventCountry "CAN"]
[SourceTitle "EXT 2019"]
[Source "ChessBase"]
[SourceDate "2018.10.10"]
[SourceVersion "1"]
[SourceVersionDate "2018.10.10"]
[SourceQuality "1"]

1. e4 c5 2. d4 cxd4 3. Nf3 Nf6 4. e5 Nd5 5. Qxd4 e6 6. Bd3 Nc6 7. Qg4 Qc7 8. O-O Nxe5 9. Nxe5 Qxe5 10. Nd2 Nf6 11. Qa4 Bd6 12. Nf3 Qh5 13. Bd2 O-O 14. Rfe1 a6 15. c4 Rb8 16. Bb4 b5 17. cxb5 axb5 18. Qa3 Bxb4 19. Qxb4 Nd5 20. Qd4 f5 21. a4 bxa4 22. Rxa4 Qg4 23. Qxg4 fxg4 24. Rxg4 Rxb2 25. Bc4 Rf4 26. Rxf4 Nxf4 27. Ne5 g5 28. Bf1 Rc2 29. g3 Nd5 30. Bg2 Nf6 31. Bh3 Kg7 32. Rd1 Rc5 33. Nd3 Rd5 34. Bf1 Ba6 35. Nb2 Rxd1 36. Nxd1 Bxf1 37. Kxf1 g4 38. Kg2 d5 39. h3 h5 40. hxg4 hxg4 41. f3 gxf3+ 42. Kxf3 Kg6 43. Kf4 Nd7 44. Ne3 e5+ 45. Kf3 Nf6 1/2-1/2

[Event "Albert Boxer Classic op"]
[Site "Winnipeg CAN"]
[Date "2007.05.12"]
[Round "3"]
[White "Liu, Weixi"]
[Black "Cleto, Sam"]
[Result "1/2-1/2"]
[WhiteElo "1654"]
[BlackElo "1880"]
[PlyCount "90"]
[GameId "2160767910684520"]
[EventDate "2007.05.11"]
[EventType "swiss"]
[EventRounds "5"]
[EventCountry "CAN"]
[SourceTitle "EXT 2019"]
[Source "ChessBase"]
[SourceDate "2018.10.10"]
[SourceVersion "1"]
[SourceVersionDate "2018.10.10"]
[SourceQuality "1"]

1. d4 Nf6 2. c4 e6 3. Nf3 c5 4. e3 cxd4 5. exd4 Bb4+ 6. Nbd2 d5 7. c5 O-O 8. a3 Bxd2+ 9. Bxd2 Ne4 10. Be3 b6 11. Bd3 f5 12. b4 bxc5 13. dxc5 Nc6 14. Qc2 f4 15. Bc1 e5 16. Bxe4 dxe4 17. Qxe4 Bb7 18. O-O Na5 19. Qe2 Nb3 20. Rd1 Nd4 21. Nxd4 exd4 22. f3 Qf6 23. Bb2 Rad8 24. Qc4+ Kh8 25. Rxd4 Qg5 26. Qc3 Rde8 27. Rd7 Re7 28. Rad1 Rfe8 29. Rd8 Bc6 30. R1d6 Re2 31. Rxe8+ Bxe8 32. Qxg7+ Qxg7 33. Bxg7+ Kxg7 34. Ra6 Bb5 35. Rxa7+ Kg6 36. g3 Ra2 37. c6 Rc2 38. c7 fxg3 39. hxg3 h5 40. a4 Bd3 41. b5 h4 42. gxh4 Kh5 43. b6 Kxh4 44. b7 Kg3 45. c8=Q Rg2+ 1/2-1/2

[Event "Albert Boxer Classic op"]
[Site "Winnipeg CAN"]
[Date "2007.05.12"]
[Round "3"]
[White "Oberton, Daniel"]
[Black "Joven, Perfecto"]
[Result "1-0"]
[WhiteElo "2022"]
[BlackElo "1831"]
[PlyCount "96"]
[GameId "2160767910684521"]
[EventDate "2007.05.11"]
[EventType "swiss"]
[EventRounds "5"]
[EventCountry "CAN"]
[SourceTitle "EXT 2019"]
[Source "ChessBase"]
[SourceDate "2018.10.10"]
[SourceVersion "1"]
[SourceVersionDate "2018.10.10"]
[SourceQuality "1"]

1. e4 e5 2. f4 exf4 3. Nf3 d6 4. Bc4 Be6 5. Bxe6 fxe6 6. d4 g5 7. h4 Be7 8. hxg5 Bxg5 9. Nxg5 Qxg5 10. O-O e5 11. dxe5 dxe5 12. Qd5 c6 13. Bxf4 cxd5 14. Bxg5 d4 15. Nd2 Nc6 16. Nc4 h6 17. Bh4 Rh7 18. Nd6+ Kd7 19. Nxb7 Rb8 20. Nc5+ Kd6 21. Nd3 Rg7 22. Rae1 Rg4 23. g3 Rb7 24. Kh2 Rg6 25. b3 Nce7 26. Rf7 Rc7 27. Bxe7+ Nxe7 28. Re2 a5 29. a4 Ke6 30. Rf8 Nc6 31. Ra8 Rcg7 32. Rg2 Kd6 33. Nb2 Kc5 34. Nd3+ Kb6 35. Re8 Rg5 36. Re6 Rh5+ 37. Kg1 Kc7 38. g4 Rhg5 39. Kf2 h5 40. Rh6 hxg4 41. Nc5 R5g6 42. Ne6+ Kd6 43. Nxg7 Rxh6 44. Nf5+ Kc5 45. Nxh6 d3 46. Ke3 dxc2 47. Rxc2+ Kb6 48. Nxg4 Nd4 1-0

[Event "Albert Boxer Classic op"]
[Site "Winnipeg CAN"]
[Date "2007.05.12"]
[Round "3"]
[White "Silva, T Romero"]
[Black "Lipic, Stephen"]
[Result "1-0"]
[WhiteElo "1852"]
[BlackElo "1646"]
[PlyCount "103"]
[GameId "2160767910684522"]
[EventDate "2007.05.11"]
[EventType "swiss"]
[EventRounds "5"]
[EventCountry "CAN"]
[SourceTitle "EXT 2019"]
[Source "ChessBase"]
[SourceDate "2018.10.10"]
[SourceVersion "1"]
[SourceVersionDate "2018.10.10"]
[SourceQuality "1"]

1. e4 c6 2. d4 d5 3. e5 Bf5 4. Nd2 e6 5. c3 c5 6. Bb5+ Nc6 7. Ngf3 Nge7 8. O-O a6 9. Be2 c4 10. Re1 h6 11. Nf1 Bh7 12. Ne3 Nf5 13. Nf1 Be7 14. Bf4 Qb6 15. Bc1 Qd8 16. N1d2 b5 17. Nf1 a5 18. a4 b4 19. Bd2 b3 20. Qc1 Kd7 21. Ne3 Qc7 22. Nxc4 dxc4 23. Bxc4 Rhb8 24. d5 Nd8 25. dxe6+ fxe6 26. Bb5+ Nc6 27. Qd1 Kc8 28. Qxb3 Bg8 29. Qc4 Rxb5 30. axb5 Nd8 31. Qb3 Qb6 32. g4 Nh4 33. Nxh4 Bxh4 34. Be3 Qb7 35. Qc4+ Qc7 36. Qe4 Qb7 37. Qa4 Bf7 38. c4 Qe4 39. c5 Qxe5 40. Bxh6 Qxb2 41. Be3 Bf6 42. Qe4 Rb8 43. Rab1 Qe5 44. Qf3 Qd5 45. Qe2 Bg6 46. Rbd1 Qb3 47. b6 Bc3 48. Qa6+ Nb7 49. c6 Bxe1 50. cxb7+ Rxb7 51. Qa8+ Rb8 52. Qc6# 1-0

[Event "Albert Boxer Classic op"]
[Site "Winnipeg CAN"]
[Date "2007.05.12"]
[Round "3"]
[White "Tang, Edward"]
[Black "Kwiatek, Jordan"]
[Result "1-0"]
[WhiteElo "2087"]
[BlackElo "1956"]
[PlyCount "123"]
[GameId "2160767910684523"]
[EventDate "2007.05.11"]
[EventType "swiss"]
[EventRounds "5"]
[EventCountry "CAN"]
[SourceTitle "EXT 2019"]
[Source "ChessBase"]
[SourceDate "2018.10.10"]
[SourceVersion "1"]
[SourceVersionDate "2018.10.10"]
[SourceQuality "1"]

1. d4 Nf6 2. c4 c5 3. d5 b5 4. cxb5 a6 5. b6 Bb7 6. Nc3 e6 7. e4 exd5 8. exd5 d6 9. a4 a5 10. Bb5+ Nbd7 11. Nge2 Be7 12. O-O O-O 13. b3 Nxb6 14. Nf4 Rc8 15. Qd3 g5 16. Qg3 Nfxd5 17. Nfxd5 Nxd5 18. Bxg5 Bxg5 19. Ne4 f6 20. h4 Nf4 21. hxg5 Nh5 22. Qg4 f5 23. Qxh5 fxe4 24. g6 Qe7 25. Bc4+ d5 26. Bxd5+ Bxd5 27. Qxd5+ Kh8 28. Rae1 hxg6 29. Rxe4 Qf6 30. Re6 Qf7 31. Qe5+ Kg8 32. Qe4 Rc7 33. Rxg6+ Kh8 34. Qh4+ Qh7 35. Rh6 Kg8 36. Rxh7 Rxh7 37. Qc4+ Kg7 38. Qc3+ Kg6 39. Qc2+ Kg7 40. Qc3+ Kg6 41. Qxa5 Rfh8 42. Qb6+ Kf7 43. Qc7+ Kf6 44. Qd6+ Kf7 45. f3 Re8 46. Qxc5 Kf6 47. Rd1 Re5 48. Rd6+ Kf5 49. Qc2+ Kg5 50. Qxh7 Re1+ 51. Kf2 Rb1 52. f4+ Kxf4 53. Rd4+ Ke5 54. Rd5+ Kxd5 55. Qxb1 Kd4 56. Ke2 Ke5 57. a5 Kd4 58. a6 Ke5 59. a7 Kd4 60. a8=Q Ke5 61. Qbe4+ Kd6 62. Qac6# 1-0

[Event "Albert Boxer Classic op"]
[Site "Winnipeg CAN"]
[Date "2007.05.13"]
[Round "4"]
[White "Boron, Anthony"]
[Black "Gannon, Keith"]
[Result "1/2-1/2"]
[WhiteElo "1999"]
[BlackElo "1657"]
[PlyCount "178"]
[GameId "2160767910684524"]
[EventDate "2007.05.11"]
[EventType "swiss"]
[EventRounds "5"]
[EventCountry "CAN"]
[SourceTitle "EXT 2019"]
[Source "ChessBase"]
[SourceDate "2018.10.10"]
[SourceVersion "1"]
[SourceVersionDate "2018.10.10"]
[SourceQuality "1"]

1. d4 Nf6 2. Nf3 e6 3. e3 c5 4. c3 cxd4 5. cxd4 Bb4+ 6. Bd2 Bxd2+ 7. Nbxd2 O-O 8. Bd3 d5 9. O-O Nbd7 10. Rc1 Re8 11. Bb1 b6 12. Re1 Bb7 13. Qa4 a5 14. h3 Rc8 15. b4 Rxc1 16. Rxc1 axb4 17. Qxb4 Qa8 18. g4 h6 19. g5 hxg5 20. Nxg5 Rc8 21. Re1 Ba6 22. Qe7 Rf8 23. Rc1 Qe8 24. Qa3 Be2 25. f3 b5 26. Kf2 Bc4 27. Rg1 e5 28. Qc3 exd4 29. Qxd4 Qe5 30. Qh4 g6 31. a4 Qb2 32. Qd4 Qxd4 33. exd4 Ra8 34. axb5 Bxb5 35. Rc1 Nh7 36. Nxh7 Kxh7 37. Rc7 Rb8 38. Bc2 Kg7 39. Bb3 Nb6 40. Rc5 Bc4 41. Bxc4 Nxc4 42. Nxc4 dxc4 43. Rxc4 Rd8 44. h4 Rd7 45. Kg3 Kh6 46. Kf4 f6 47. Ra4 Rd6 48. Kg4 Kg7 49. f4 Kh6 50. Rb4 f5+ 51. Kf3 Kg7 52. Ke3 Kf6 53. Rb5 Re6+ 54. Re5 Rb6 55. Kf3 Rb3+ 56. Re3 Rb4 57. Rd3 Ke6 58. Ke3 Kd5 59. Ra3 Rb6 60. Ra5+ Kd6 61. Kd3 Rb3+ 62. Kc4 Rf3 63. Ra6+ Kd7 64. Rxg6 Rxf4 65. h5 Rh4 66. h6 f4 67. Kd5 f3 68. Rf6 f2 69. Rf7+ Ke8 70. Rxf2 Rxh6 71. Ra2 Kd7 72. Ra7+ Kd8 73. Kc5 Rh5+ 74. d5 Rh1 75. Rg7 Rh6 76. d6 Rh1 77. Rg8+ Kd7 78. Rg7+ Kd8 79. Rg5 Rc1+ 80. Kd5 Rd1+ 81. Ke6 Re1+ 82. Re5 Rh1 83. Re4 Rg1 84. Rc4 Re1+ 85. Kd5 Rd1+ 86. Kc6 Ra1 87. Rc5 Ra2 88. Rc4 Rb2 89. Kd5 Rd2+ 1/2-1/2

[Event "Albert Boxer Classic op"]
[Site "Winnipeg CAN"]
[Date "2007.05.13"]
[Round "4"]
[White "Campbell, Jamie"]
[Black "Curtis, Rory"]
[Result "0-1"]
[WhiteElo "1520"]
[BlackElo "1665"]
[PlyCount "50"]
[GameId "2160767910684525"]
[EventDate "2007.05.11"]
[EventType "swiss"]
[EventRounds "5"]
[EventCountry "CAN"]
[SourceTitle "EXT 2019"]
[Source "ChessBase"]
[SourceDate "2018.10.10"]
[SourceVersion "1"]
[SourceVersionDate "2018.10.10"]
[SourceQuality "1"]

1. Nf3 d5 2. c4 c6 3. b3 Nf6 4. g3 Bf5 5. Bg2 h6 6. Bb2 e6 7. O-O Be7 8. d3 O-O 9. Nbd2 Nbd7 10. Re1 Re8 11. e4 dxe4 12. dxe4 Bg4 13. h3 Bh5 14. e5 Nh7 15. Ne4 Bxf3 16. Bxf3 Ng5 17. Bg2 Nxe4 18. Rxe4 Qc7 19. f4 Nc5 20. f5 Nxe4 21. Bxe4 exf5 22. Bxf5 Bc5+ 23. Kh1 Rxe5 24. Qg4 g6 25. Bxg6 Rg5 0-1

[Event "Albert Boxer Classic op"]
[Site "Winnipeg CAN"]
[Date "2007.05.13"]
[Round "4"]
[White "Cleto, Sam"]
[Black "Lipic, Stephen"]
[Result "1-0"]
[WhiteElo "1880"]
[BlackElo "1646"]
[PlyCount "51"]
[GameId "2160767910684526"]
[EventDate "2007.05.11"]
[EventType "swiss"]
[EventRounds "5"]
[EventCountry "CAN"]
[SourceTitle "EXT 2019"]
[Source "ChessBase"]
[SourceDate "2018.10.10"]
[SourceVersion "1"]
[SourceVersionDate "2018.10.10"]
[SourceQuality "1"]

1. Nf3 Nf6 2. g3 g6 3. Bg2 Bg7 4. c3 O-O 5. d4 c6 6. Bf4 d6 7. O-O Re8 8. Qb3 Nbd7 9. a4 Nd5 10. Bg5 Qb6 11. Qc2 e5 12. e4 N5f6 13. Nbd2 exd4 14. cxd4 Nf8 15. Ra3 Nxe4 16. Nxe4 Bf5 17. Nh4 Bxe4 18. Bxe4 Qxd4 19. Bg2 Qxb2 20. Qxb2 Bxb2 21. Rb3 f6 22. Be3 Be5 23. Rxb7 c5 24. Bd5+ Kh8 25. Nf3 Bc3 26. Rb3 1-0

[Event "Albert Boxer Classic op"]
[Site "Winnipeg CAN"]
[Date "2007.05.13"]
[Round "4"]
[White "Crawford, Gary"]
[Black "Barkman, Daniel"]
[Result "0-1"]
[WhiteElo "1310"]
[BlackElo "1559"]
[PlyCount "82"]
[GameId "2160767910684527"]
[EventDate "2007.05.11"]
[EventType "swiss"]
[EventRounds "5"]
[EventCountry "CAN"]
[SourceTitle "EXT 2019"]
[Source "ChessBase"]
[SourceDate "2018.10.10"]
[SourceVersion "1"]
[SourceVersionDate "2018.10.10"]
[SourceQuality "1"]

1. e4 e6 2. d4 d5 3. e5 c5 4. c3 Nc6 5. Nf3 Qb6 6. Qb3 Qxb3 7. axb3 cxd4 8. cxd4 Nge7 9. Bb5 Bd7 10. Bd2 Nf5 11. Bxc6 Bxc6 12. O-O Be7 13. Rc1 O-O 14. Na3 f6 15. Nc2 Be8 16. Ne3 fxe5 17. Nxf5 Rxf5 18. Rc7 Bd6 19. Rxb7 e4 20. Ne5 Bxe5 21. dxe5 Rxe5 22. Rbxa7 Rxa7 23. Rxa7 Rf5 24. Ra8 Kf8 25. Bb4+ Kf7 26. Ra7+ Kg6 27. Ra6 Bf7 28. Bd2 d4 29. Rd6 Rd5 30. Rxd5 exd5 31. Kf1 Kf5 32. Ke2 Ke5 33. f4+ Kf5 34. g3 Bh5+ 35. Ke1 e3 36. Ba5 Ke4 37. b4 Be8 38. b5 Bxb5 39. h3 d3 40. Bd2 exd2+ 41. Kxd2 Kf3 0-1

[Event "Albert Boxer Classic op"]
[Site "Winnipeg CAN"]
[Date "2007.05.13"]
[Round "4"]
[White "Goodman, Clifford"]
[Black "Kwiatek, Jordan"]
[Result "0-1"]
[WhiteElo "1598"]
[BlackElo "1956"]
[PlyCount "50"]
[GameId "2160767910684528"]
[EventDate "2007.05.11"]
[EventType "swiss"]
[EventRounds "5"]
[EventCountry "CAN"]
[SourceTitle "EXT 2019"]
[Source "ChessBase"]
[SourceDate "2018.10.10"]
[SourceVersion "1"]
[SourceVersionDate "2018.10.10"]
[SourceQuality "1"]

1. c4 c5 2. Nf3 b6 3. g3 Bb7 4. Bg2 Nf6 5. Nc3 d6 6. O-O Nbd7 7. d3 g6 8. b3 Bg7 9. Bb2 O-O 10. Qc2 e6 11. d4 cxd4 12. Nb5 Qe7 13. Bxd4 a6 14. Nc3 Rac8 15. Qd2 Rfd8 16. Qe3 Ng4 17. Qd2 Nge5 18. Nxe5 Nxe5 19. Qf4 Bxg2 20. Kxg2 b5 21. cxb5 axb5 22. Ne4 Rc2 23. Bb6 Rb8 24. Ba5 f5 25. Nd2 Nc6 0-1

[Event "Albert Boxer Classic op"]
[Site "Winnipeg CAN"]
[Date "2007.05.13"]
[Round "4"]
[White "Joven, Perfecto"]
[Black "Liu, Weixi"]
[Result "0-1"]
[WhiteElo "1831"]
[BlackElo "1654"]
[PlyCount "112"]
[GameId "2160767910684529"]
[EventDate "2007.05.11"]
[EventType "swiss"]
[EventRounds "5"]
[EventCountry "CAN"]
[SourceTitle "EXT 2019"]
[Source "ChessBase"]
[SourceDate "2018.10.10"]
[SourceVersion "1"]
[SourceVersionDate "2018.10.10"]
[SourceQuality "1"]

1. e4 e6 2. d4 d5 3. Nc3 Bb4 4. e5 c5 5. a3 Bxc3+ 6. bxc3 Ne7 7. Qg4 Qc7 8. Bd3 c4 9. Be2 O-O 10. h4 f6 11. Nf3 Nbc6 12. Bh6 Nf5 13. Bf4 fxe5 14. Nxe5 Nxe5 15. Bxe5 Qf7 16. f4 Ne3 17. Qf3 Nxc2+ 18. Kd2 Nxa1 19. Rxa1 Bd7 20. Bd1 b5 21. g4 a5 22. h5 Qe7 23. Qg3 b4 24. Bc2 bxa3 25. g5 Rfb8 26. h6 g6 27. Bf6 Qf7 28. Be5 Rb7 29. Rxa3 Rb6 30. Ra2 a4 31. Qe1 Be8 32. Ke3 Qb7 33. Qc1 Qa6 34. Qa3 Qb7 35. Kd2 Qf7 36. Qc5 Rba6 37. Ke3 Qf8 38. Qc7 a3 39. Bf6 R6a7 40. Qb6 Qf7 41. Qc5 Qf8 42. Be5 Qxc5 43. dxc5 Ra5 44. Kd4 Rb5 45. c6 Rb2 46. Rxb2 axb2 47. c7 Bd7 48. Kc5 Ra1 49. Kd6 Bc8 50. Ke7 b1=Q 51. Bxb1 Rxb1 52. Kd8 Ba6 53. c8=Q Bxc8 54. Kxc8 Rd1 55. Kd7 d4 56. Kc6 d3 0-1

[Event "Albert Boxer Classic op"]
[Site "Winnipeg CAN"]
[Date "2007.05.13"]
[Round "4"]
[White "Kaptsan, Aron"]
[Black "Gentes, Kevin"]
[Result "1/2-1/2"]
[WhiteElo "2041"]
[BlackElo "2274"]
[PlyCount "48"]
[GameId "2160767910684530"]
[EventDate "2007.05.11"]
[EventType "swiss"]
[EventRounds "5"]
[EventCountry "CAN"]
[SourceTitle "EXT 2019"]
[Source "ChessBase"]
[SourceDate "2018.10.10"]
[SourceVersion "1"]
[SourceVersionDate "2018.10.10"]
[SourceQuality "1"]

1. e4 c5 2. d4 cxd4 3. Nf3 Nc6 4. Nxd4 Nf6 5. Nc3 d6 6. Be2 e6 7. O-O Be7 8. Kh1 O-O 9. f4 a6 10. Bf3 Qc7 11. Be3 Rd8 12. Qe2 Bd7 13. Nb3 b5 14. a3 Rab8 15. Rad1 b4 16. axb4 Nxb4 17. Rd2 Nxc2 18. Rxc2 Rxb3 19. Nd5 Nxd5 20. Rxc7 Nxc7 21. Rc1 Rb7 22. h3 Rdb8 23. Rc2 Ba4 24. Rd2 Bb3 1/2-1/2

[Event "Albert Boxer Classic op"]
[Site "Winnipeg CAN"]
[Date "2007.05.13"]
[Round "4"]
[White "Khedkar, Jay S"]
[Black "Wiebe, Daniel"]
[Result "0-1"]
[WhiteElo "2063"]
[BlackElo "1664"]
[PlyCount "64"]
[GameId "2160767910684531"]
[EventDate "2007.05.11"]
[EventType "swiss"]
[EventRounds "5"]
[EventCountry "CAN"]
[SourceTitle "EXT 2019"]
[Source "ChessBase"]
[SourceDate "2018.10.10"]
[SourceVersion "1"]
[SourceVersionDate "2018.10.10"]
[SourceQuality "1"]

1. e4 e5 2. f4 exf4 3. Nf3 d5 4. exd5 Bd6 5. d4 Nf6 6. Nc3 Bg4 7. Be2 O-O 8. O-O Re8 9. Ne5 Bxe2 10. Qxe2 Nfd7 11. Bxf4 f6 12. Qc4 fxe5 13. dxe5 Nxe5 14. Bxe5 Rxe5 15. Rf3 Rh5 16. h3 Nd7 17. Qg4 Rh6 18. Qe4 Ne5 19. Rf5 Qe7 20. Ne2 Rh4 21. Rf4 Rxf4 22. Nxf4 Ng6 23. Ne6 Qh4 24. Qf5 Qf6 25. Qg4 Qe5 26. c4 Nf4 27. c5 Qe3+ 28. Kh1 Be5 29. d6 cxd6 30. cxd6 Nd3 31. Rf1 Nf2+ 32. Rxf2 Qe1+ 0-1